Statystyki dla Państwa Karaibskie / Małe Antyle - Quiz na mapie

Kliknij tutaj aby rozwiązać quiz!

Ogólne statystyki

  • Ten quiz został rozwiązany 4 625 razy
  • Średni wynik to 7 z 19

Odpowiedzi na mapie

Odpowiedzi skodowane kolorowo w zielono-czerwonej skali na mapie do tego quizu, zgodnie z poniższymi procentami.
 

Statystyki odpowiedzi

Odpowiedź% Poprawnych
Trynidad i Tobago
75%
Barbados
50%
Grenada
43%
Antigua i Barbuda
40%
Saint Lucia
40%
Curaçao (Holandia)
39%
Saint Vincent i Grenadyny
39%
Aruba (Holandia)
38%
Dominika
38%
Saint Kitts i Nevis
38%
Bonaire (Holandia)
36%
Wyspy Dziewicze (USA)
35%
Brytyjskie Wyspy Dziewicze
31%
Gwadelupa (Francja)
31%
Martynika (Francja)
28%
Anguilla (Wielka Brytania)
25%
Montserrat (Wielka Brytania)
23%
Saint Martin (Francja/Holandia)
19%
Saint Barthélemy (Francja)
17%

Rozkład punktacji

Percentyl według liczby udzielonych odpowiedzi

Procent ludzi z każdym wynikiem

Twoja historia wyników

Nie rozwiązałeś tego quizu